Sports Quiz

Random Sports or Football Quiz

Build England with Premier League Teams Quiz Stats

 Plays Quiz Updated Apr 1, 2020

Support Sporcle.
Go Orange.
Score 0/21 Timer 08:00
0 Plays Today
% Correct
Arsenal
Chelsea
Tottenham Hotspur
West Ham United
Fulham
Crystal Palace
Queens Park Rangers
Charlton Athletic
99.2%
Manchester United
Manchester City
Bolton Wanderers
Wigan Athletic
98.2%
Liverpool
Everton
96.1%
Aston Villa
Birmingham City
West Bromwich
Wolverhampton
Coventry City
93.7%
Newcastle United
Sunderland
91.8%
Southampton
Portsmouth
88.3%
Leeds United
Bradford City
Huddersfield Town
85%
Blackburn Rovers
Burnley
Blackpool
80.3%
Cardiff City
Swansea

Outside England
79.5%
Norwich City
79.3%
Leicester City
77.5%
% Correct
Brighton & Hove Albion
74%
Sheffield United
68.2%
Bournemouth
66.6%
Watford
64.4%
Hull City
62.5%
Middlesbrough
60.4%
Derby County
60.4%
Stoke City
57.8%
Ipswich Town
56.3%
Reading
50.5%

From the Vault

Black the Block: Literature

by jrage2009

We're bringing back black the block with books.
Remove Ads.
Support Sporcle.
Get the best of Sporcle when you Go Orange. This ad-free experience offers more features, more stats, and more fun while also helping to support Sporcle. Thank you for becoming a member.

Show Comments

Extras

Top Quizzes Today


Score Distribution

Your Account Isn't Verified!

In order to create a playlist on Sporcle, you need to verify the email address you used during registration. Go to your Sporcle Settings to finish the process.

Report this User

Report this user for behavior that violates our Community Guidelines.

Details: